Estetika a obecná teorie umění II : studijní text pro kombinované studium. Dějiny /

Hlavní autor: Stratilková, Martina, 1979-
Korporativní autor: Univerzita Palackého
Jazyk: Čeština
Vydáno: Olomouc : Univerzita Palackého v Olomouci, 2013
Vydání: 1. vyd.
Edice: Studijní opory
Témata:
Fyzický popis: 68 s. ; 29 cm
Knihy
Uloženo v:
LEADER 01788nam a2200481 a 4500
001 nkc20142572103
003 CZ PrNK
005 20140409115350.0
007 ta
008 140306s2013 xr e p 000 0 cze
015 |a cnb002572103 
020 |a 978-80-244-3631-9  |q (brož.) :  |c neprodejné 
035 |a (OCoLC)876343195 
040 |a OLA001  |b cze 
072 7 |a 7.01/.09  |x Umění  |2 Konspekt  |9 21 
072 7 |a 37.016  |x Učební osnovy. Vyučovací předměty. Učebnice  |2 Konspekt  |9 22 
080 |a 111.852(091)  |2 MRF 
080 |a [7.01:111.852](091)  |2 MRF 
080 |a 7.01/.09  |2 MRF 
080 |a (075.8)  |2 MRF 
100 1 |a Stratilková, Martina,  |d 1979-  |7 jo2008411544  |4 aut 
245 1 0 |a Estetika a obecná teorie umění II :  |b studijní text pro kombinované studium.  |p Dějiny /  |c Martina Stratilková 
246 3 |a Estetika a obecná teorie umění - dějiny 
246 3 0 |a Dějiny 
250 |a 1. vyd. 
260 |a Olomouc :  |b Univerzita Palackého v Olomouci,  |c 2013 
300 |a 68 s. ;  |c 29 cm 
490 1 |a Studijní opory 
504 |a Obsahuje bibliografie 
521 8 |a Určeno pro studijní program (obor): Muzikologie - kombinované studium 
650 0 7 |a dějiny estetiky  |7 ph503055  |2 czenas 
650 0 7 |a teorie umění  |7 ph126574  |x dějiny  |2 czenas 
650 0 9 |a history of aesthetics  |2 eczenas 
650 0 9 |a theory of art  |x history  |2 eczenas 
655 7 |a učebnice vysokých škol  |7 fd133772  |2 czenas 
655 9 |a textbooks (higher)  |2 eczenas 
710 2 |a Univerzita Palackého  |7 kn20010709130 
810 2 |a Univerzita Palackého.  |t Studijní opory  |0 s 
910 2 |a BOA001  |b 4-1323.118 
990 |a BK 
995 |a 01 
991 |b 201403  |c NOV  |e n 
996 6 |b 2610584948  |c 4-1323.118  |l MZK  |r Sklad / do 1 hodiny  |n 5  |p p.v.  |w 001407994  |u 000010  |a 1  |e BOA001  |j MZK50  |s P